<?xml version="1.0" encoding="UTF-8"?><?xml-stylesheet type="text/xsl" href="static/style.xsl"?><OAI-PMH xmlns="http://www.openarchives.org/OAI/2.0/" xmlns:xsi="http://www.w3.org/2001/XMLSchema-instance" xsi:schemaLocation="http://www.openarchives.org/OAI/2.0/ http://www.openarchives.org/OAI/2.0/OAI-PMH.xsd"><responseDate>2026-06-01T08:31:14Z</responseDate><request verb="GetRecord" identifier="oai:riuma.uma.es:10630/45120" metadataPrefix="marc">https://riuma.uma.es/rest/oai/request</request><GetRecord><record><header><identifier>oai:riuma.uma.es:10630/45120</identifier><datestamp>2026-03-13T13:07:11Z</datestamp><setSpec>com_10630_2254</setSpec><setSpec>col_10630_37956</setSpec></header><metadata><record xmlns="http://www.loc.gov/MARC21/slim" xmlns:dcterms="http://purl.org/dc/terms/" xmlns:doc="http://www.lyncode.com/xoai" xmlns:xsi="http://www.w3.org/2001/XMLSchema-instance" xsi:schemaLocation="http://www.loc.gov/MARC21/slim http://www.loc.gov/standards/marcxml/schema/MARC21slim.xsd">
   <leader>00925njm 22002777a 4500</leader>
   <datafield ind2=" " ind1=" " tag="042">
      <subfield code="a">dc</subfield>
   </datafield>
   <datafield ind2=" " ind1=" " tag="720">
      <subfield code="a">Bort Caballero, María Luz</subfield>
      <subfield code="e">author</subfield>
   </datafield>
   <datafield ind2=" " ind1=" " tag="720">
      <subfield code="a">Bort-Caballero, María de la Luz</subfield>
      <subfield code="e">author</subfield>
   </datafield>
   <datafield ind2=" " ind1=" " tag="260">
      <subfield code="c">2025</subfield>
   </datafield>
   <datafield ind2=" " ind1=" " tag="520">
      <subfield code="a">Esta pequeña aproximación didáctica de dos textos periodísticos de Zenobia Camprubí (1887-1956) es la evolución de una
parte de un estudio sobre la autora junto a la primera traducción
inédita de sus textos periodísticos publicados en revistas norteamericanas durante su juventud (1902-1912) que realicé durante
2012-2014, antes de que la obra Diario de juventud (2015) con la
recopilación de todos los escritos de Zenobia Camprubí traducidos salieran a la luz. Ya por aquel entonces, yo me encontraba
en Estados Unidos. Desarrollaba y desempeñaba parte de mi
vida académica y laboral en los lugares donde Zenobia estuvo,
marcada también por el vaivén entre las dos orillas del Atlántico.
Su figura fue antesala fundamental para la mayor parte de mi
investigación doctoral posterior sobre la generación dorada de las
intelectuales de la Edad de Plata y del exilio republicano español</subfield>
   </datafield>
   <datafield ind1="8" ind2=" " tag="024">
      <subfield code="a">Bort Caballero, M.L. (2025). Dos textos periodísticos de Zenobia Camprubí Recursos didácticos para la representación cultural andaluza occidental del siglo xx y el desarrollo lector en Bachillerato, Octaedro, ISBN: 9788410790162</subfield>
   </datafield>
   <datafield ind1="8" ind2=" " tag="024">
      <subfield code="a">9788410790162</subfield>
   </datafield>
   <datafield ind1="8" ind2=" " tag="024">
      <subfield code="a">https://hdl.handle.net/10630/45120</subfield>
   </datafield>
   <datafield tag="653" ind2=" " ind1=" ">
      <subfield code="a">Camprubí de Jiménez, Zenobia - Crítica e interpretación</subfield>
   </datafield>
   <datafield ind2="0" ind1="0" tag="245">
      <subfield code="a">Dos textos periodísticos de Zenobia Camprubí .Recursos didácticos para la representación cultural andaluza occidental del siglo xx y el desarrollo lector en Bachillerato.</subfield>
   </datafield>
</record>
</metadata></record></GetRecord></OAI-PMH>